000
00298nam a22001217a 4500
008
170208b xxu||||| |||| 00| 0 eng d
041
_a
eng
080
_a
61
100
_a
4
101
_a
SHM
245
_a
THE TRATMENT OF ACUTE CRANIOCEREBRAL INJURIES DUE TO MISSILES
_c
MATSON, D.D
942
_2
udc
_c
BK
999
_c
4988
_d
4988